| 000 | 01015nas a2200349 4500 | ||
|---|---|---|---|
| 001 | BR2011006362 | ||
| 003 | BR-BrBNA | ||
| 005 | 20231205115159.0 | ||
| 007 | ta | ||
| 008 | 230509b bl.|||p| |||| 00| 00por d | ||
| 040 |
_aBR-BrBNA _bpor _cBiblioteca Nacional de Agricultura |
||
| 041 | _a(Pt) | ||
| 072 | _aQ02; J11 | ||
| 100 | 1 | _aAlves, F.G. | |
| 100 | 1 | _aMota, W.F. da | |
| 100 | 1 | _aFonseca, K.S. | |
| 100 | 1 | _aSouza, M.A. de | |
| 100 | 1 | _aMizobutsi, G.P. | |
| 100 | 1 | _aJorge, K.F. | |
| 100 | 1 | _aMonteiro, T.S.A. | |
| 245 | 1 | _aConservação pós-colheita do pimentão revestido com cera de carnaúba | |
| 650 | _aPIMENTÃO | ||
| 650 | _aPÓS-COLHEITA | ||
| 650 | _aPRESERVAÇÃO DE ALIMENTO | ||
| 650 | _aREVESTIMENTO | ||
| 650 | _aCERA | ||
| 650 | _aCARNAÚBA | ||
| 650 | _aVIDA-DE-PRATELEIRA | ||
| 773 | 0 |
_tRevista Brasileira de Armazenamento (Brazil) _xISSN 0100-3518 _g(2010), v. 35(2) p. 166-170 _wBR2011006362 |
|
| 909 |
_a202311 _bLúcia _c55 _dLúcia Elande |
||
| 942 |
_2AGRIS _n0 _cANA |
||
| 999 |
_c212478 _d212478 |
||